000 00586nam a2200181Ia 4500
005 20260601193226.0
008 260601s9999||||xx |||||||||||||| ||und||
020 _a978-3-031-50974-2
_qebk
100 _aJochen De Weerdt
245 0 _aBusiness Process Management Workshops
250 _a1st ed. 2024
260 _aHeidelberg, Germany
_bSpringer Nature
_c2024
440 _aLecture Notes in Business Information Processing
650 _aComputer Science
700 _aLuise Pufahl
856 _uhttps://link.springer.com/openurl?genre=book&isbn=978-3-031-50974-2
942 _cEB
_2ddc
999 _c55956
_d55956